000 00470nam a22001817a 4500
005 20260515114916.0
008 220518b ||||| |||| 00| 0 eng d
020 _a9789382056904
040 _aIN-DiNC
_cIN-DiNC
041 _deng
082 _a301.954
100 _aDasgupta Piyali
_eauthor
245 _aIntroduction to sociological of india
_cby Piyali Dasgupta
250 _a1st ed.
260 _aDibrugarh
_bBanalata
_c2020
300 _a200p.
942 _2ddc
_cBK
999 _c11269
_d11269